| 000 | 00462nam a22001817a 4500 | ||
|---|---|---|---|
| 005 | 20250719125021.0 | ||
| 008 | 250719b |||||||| |||| 00| 0 eng d | ||
| 020 |
_a9781847248411 _qpbk |
||
| 041 | _aeng | ||
| 082 | _a823.914 COO | ||
| 100 | _aCook H. Thomas | ||
| 245 |
_aThe Fate Of Katherine Carr _c/ Thomas H.Cook |
||
| 250 | _a1st ed | ||
| 260 |
_aLondon _bBloomsbury Square _c2009 |
||
| 300 |
_a276p. : _c24cm |
||
| 650 | _aFiction | ||
| 942 | _cENGLISH | ||
| 999 |
_c576444 _d576444 |
||